Imam Abu Hanifa Ki Tadwin Qanun Isalmi (Record no. 4208)

MARC details
000 -LEADER
fixed length control field 00565nam a2200229 a 4500
020 ## - INTERNATIONAL STANDARD BOOK NUMBER
ISBN
082 00 - DEWEY DECIMAL CLASSIFICATION NUMBER
Classification number 340.59
Author Cutter HAM4
100 ## - MAIN ENTRY--AUTHOR NAME
Author name Hamidullah,
245 ## - TITLE STATEMENT
Title Imam Abu Hanifa Ki Tadwin Qanun Isalmi
260 ## - PUBLICATION, DISTRIBUTION, ETC. (IMPRINT)
Place of publication Hyderabad
Name of publisher No Publisher
Year of publication 1966
300 ## - PHYSICAL DESCRIPTION
Number of Pages 62p
500 ## - GENERAL NOTE
General note includes index and biblioraphy
650 ## - SUBJECT ADDED ENTRY--TOPICAL TERM
Topical Term Islamic-Law Hanafi History
942 ## - ADDED ENTRY ELEMENTS (KOHA)
Koha item type Books
700 1# -
-- Hamidullah,
Holdings
Collection code Home library Current library Date acquired Cost, normal purchase price Full call number Accession Number Koha item type
  Henry Martyn Institute Library Henry Martyn Institute Library 06/22/2007 100.00 340.59 HAM4 06992 Books
                   Copyright © 2026 | Henry Martyn Institute | Hyderabad | TS-500052 | INDIA | Implemented by hmi.edu.in
Hit-Count:

Powered by Koha